000 00726nam a22002417a 4500
001 89070
003 UA-OsUOA
005 20201129211222.0
007 ta
008 20121024b un ||||| |||| 00| 0 ukr d
040 _aUA-OsUOA
_bukr
_cUA-OsUOA
_dUA-OsUOA
041 _aukr
080 _a821.161.2
090 _a821.161.2
_bГ14
100 _aГай В.
245 _aШукачі блакитних перлів
_bповість з сучасного життя
260 _c1947
_aНа чужині
300 _a73 с.
650 7 _a82 Література. Літературознавство
_2UDC
942 _cBK
_2udc
955 _a3
999 _c375348
_d375348